Las ciudades del salitre: un estudio de las oficinas salitreras en la región de Antofagasta
Gardado en:
| Autor Principal: | |
|---|---|
| Formato: | Libro |
| Idioma: | Lingua castelá |
| Publicado: |
Santiago
Orígenes
1999
|
| Edición: | 1a. ed |
| Subjects: | |
| Tags: |
Engadir etiqueta
Sen Etiquetas, Sexa o primeiro en etiquetar este rexistro!
|
MARC
| LEADER | 00000nam a2200000 a 4500 | ||
|---|---|---|---|
| 001 | UCH3362 | ||
| 003 | CL-VaPUC | ||
| 008 | 090723e19991200CL |||||||||||||||||spa|d | ||
| 020 | |a 9567643040 | ||
| 082 | 0 | 4 | |a 720.983 |b GAR |2 21 |
| 100 | |a Garcés Feliú, Eugenio |e author |9 749020 | ||
| 245 | 1 | 4 | |a Las ciudades del salitre: un estudio de las oficinas salitreras en la región de Antofagasta |
| 250 | |a 1a. ed | ||
| 300 | |a 145 p | ||
| 942 | |c BK | ||
| 945 | |d 20090723 00:00:00 |a dcastane | ||
| 260 | |a Santiago |b Orígenes |c 1999 | ||
| 650 | 0 | |a Historia del salitre |9 538655 | |
| 650 | 0 | |a Oficinas salitreras |9 517885 | |
| 651 | 7 | |a CHILE |2 CL-VaPUC |9 538656 | |
| 651 | 7 | |a ANTOFAGASTA |2 CL-VaPUC |9 319270 | |
| 583 | |a last modification |c 20090723 00:00:00 |k Rodrigo Vera | ||
| 999 | |c 334939 |d 334937 | ||
| 952 | |0 0 |1 0 |4 0 |6 720_983000000000000_GAR_1999 |7 0 |8 X |9 424357 |a FDOBUD |b FDOBUD |d 2019-11-22 |i 4578120 |o 720.983 GAR 1999 |p 4578120 |r 2019-11-22 |w 2019-11-22 |y BK_X |k BUD | ||